000 00377nam a2200157Ia 4500
003 Ost
005 20260225132538.0
008 260225s9999||||xx |||||||||||||| ||und||
040 _cfsic
041 _afre
082 _a306
100 _aPierre antoine pontoizeau
_eAuteur
245 0 _aLa communication culturelle /
245 0 _cPierre antoine pontoizeau
942 _cكتاب
999 _c33334
_d33334